| 000 | 00517cam3a220019300 4500 | ||
|---|---|---|---|
| 001 | tmp15346602 | ||
| 003 | UPRA | ||
| 005 | 20190816092532.0 | ||
| 008 | 950801s1970 xx fre u | ||
| 035 | _a(Sirsi) r124372 | ||
| 035 | _a(UPRA)tmp15346602 | ||
| 040 | _cUPRA | ||
| 100 | 1 |
_aRezvani, Medjid Kan. _6A92484.1 |
|
| 245 | 1 | 3 |
_aLe r^emora : _bpiece en deux actes. |
| 260 |
_bStock, _c[1970] |
||
| 440 | 0 |
_aTheatre Ouvert _6S13913.1 |
|
| 949 |
_aPQ2678.E97 _wlcc _i-178630 _mMAIN _tBOOK _lON-SHELF |
||
| 004 | 124372 | ||
| 999 |
_c82033 _d82033 |
||